La voce delle onde /
Gardado en:
| Autor Principal: | |
|---|---|
| Formato: | Libro |
| Idioma: | Lingua italiana |
| Publicado: |
Milano :
Feltrinelli,
2003
|
| Edición: | 19. ed |
| Series: | Universale economica ;
338 |
| Tags: |
Sen Etiquetas, Sexa o primeiro en etiquetar este rexistro!
|
MARC
| LEADER | 00000nam a22000007i 4500 | ||
|---|---|---|---|
| 001 | IT\ICCU\TO0\1290669 | ||
| 003 | ItRI | ||
| 005 | 20250728154403.0 | ||
| 008 | 040319s2003 it |||||| ||||| |||||c | ||
| 020 | |a 8807803380 | ||
| 040 | |b ita |c Arcigay Queer VdA | ||
| 041 | 7 | |a ita |2 ISO-639-2 | |
| 100 | 1 | |a Mishima, Yukio |0 IT\ICCU\CFIV\002484 |4 aut | |
| 240 | 1 | 0 | |a Shiosai |9 Mishima, Yukio |
| 245 | 1 | 3 | |a La voce delle onde / |c Yukio Mishima ; romanzo. |
| 250 | |a 19. ed | ||
| 260 | |a Milano : |b Feltrinelli, |c 2003 | ||
| 300 | |a 176 p. ; |c 19 cm. | ||
| 830 | 0 | |a Universale economica ; |v 338 |0 IT\ICCU\CFI\0001103 | |
| 942 | |2 ddc |c BK | ||
| 952 | |0 0 |1 0 |2 ddc |4 0 |6 895_600000000000000_MIS_VOC |7 1 |9 3952 |a AO |b AO |d 2025-04-21 |l 0 |o 895.6 MIS VOC |p 11162 |r 2025-04-21 09:45:13 |w 2025-04-21 |x Di proprietà di Giulio Gasperini |y BK | ||
| 981 | 1 | |6 z01 |a i |b xxxe | |
| 982 | 1 | |6 z01 |a n | |
| 999 | |c 3074 |d 3074 | ||